000 00501pab a2200181 454500
008 180718b2009 xxu||||| |||| 00| 0 eng d
100 _aDas, Shyamal Kumar
245 _a`My body, my talk'? Empowerment and disempowerment trajectories of sex workers in Bangladesh
260 _c2009
300 _ap.403-21.
362 _aSep-Dec
650 _aSex workers - Bangladesh
650 _aSex workers
700 _aKundu, Indrajit
773 _aSociological Bulletin
908 _aN
909 _a85810
999 _c85810
_d85810